Sign of the Times - Harry Styles (All Lyrics) - Statistics

General Stats
  • This quiz has been taken 7,100 times
  • The average score is 301 of 359
Answer Stats
Lyrics % Correct
the
100%
The
100%
a
99%
it
99%
It'll
99%
of
99%
sign
99%
time
99%
You
99%
you
99%
It's
98%
it's
98%
your
98%
stop
97%
Stop
97%
times.
97%
we
97%
We
97%
be
96%
crying.
96%
crying,
96%
Just
96%
just
96%
to
95%
to,
95%
to.
95%
here.
94%
here
94%
from
91%
away
87%
away.
87%
get
86%
got
85%
you're
85%
before.
84%
Before
84%
best
83%
final
83%
Hope
83%
show.
83%
Welcome
83%
alright.
82%
been
82%
clothes.
82%
are
81%
wearing
81%
never
80%
bullets?
77%
bullets.
77%
will
77%
Will
77%
can
76%
learn
76%
learn?
76%
running
76%
Why
76%
always
75%
good
75%
good.
75%
gotta
74%
on
74%
way
73%
and
72%
And
72%
look
72%
down
71%
pretty
71%
can't
70%
ever
70%
sky.
69%
stuck
69%
But
68%
Have
68%
life.
68%
really
68%
We've
68%
door
65%
me
64%
ain't
63%
don't
60%
is
60%
Baby,
58%
baby.
58%
too
55%
know.
54%
all
53%
bribe
53%
end
53%
talk
52%
that
52%
up.
52%
what
52%
far
51%
near.
51%
enough.
50%
should
50%
somewhere.
50%
Somewhere
50%
open
47%
again
46%
much.
46%
atmosphere.
45%
everything
45%
meet
45%
told
44%
They
43%
things
43%
Remember
41%
through
40%
Breaking
37%
If
18%
No matching quizzes found
Score Distribution
Percent of People with Each Score
Percentile by Number Answered
Your Score History
You have not taken this quiz